| 000 | 00641nam a22001937a 4500 | ||
|---|---|---|---|
| 005 | 20260210080040.0 | ||
| 008 | 260210b |||||||| |||| 00| 0 eng d | ||
| 020 | _a9781576753538 | ||
| 050 |
_a BF408 _b.T42 2006 |
||
| 100 | _aThatchenkery, Tojo Joseph. | ||
| 245 |
_aAppreciative intelligence : _bseeing the mighty oak in the acorn / |
||
| 250 | _a1st ed. | ||
| 260 |
_a San Francisco, CA : _bBerrett-Koehler, _c2006. |
||
| 300 |
_axviii, 214 p. : _bill. ; _c24 cm. |
||
| 500 | _a Includes bibliographical references (p. 169-186) and index. | ||
| 650 | _a Creative thinking. | ||
| 700 | _aMetzker, Carol, $d 1960- | ||
| 942 |
_2lcc _cBK |
||
| 999 |
_c60163 _d60163 |
||